000 003610000a22001570004500
005 20120302065108.0
942 _cBOOK
100 _a Shree Bhagavan Shankar Maharaj
245 _a Navin Charitra
250 _a 1st
260 _aDhule:Tukaram Nago Shimpi,1980
300 _a80p
040 _aMar
365 _b5/-
650 _aSantavangmay, Shankar Maharaj
999 _c363876
_d363873